000 00758nam a22001937a 4500
999 _c13489
_d13489
003 AR-CdUCM
008 190415b ||||| |||| 00| 0 spa d
040 _aMUNICIPALIDAD PROVINCIAL DEL CUSCO
_cBIBLIOTECA MUNICIPAL DEL CUSCO
082 _a330.4 /
_bL55
_22ed.
110 _aEditorial Thesis S. A.
_931924
245 _aLey General de Cooperativas N° 15260 :
_bReglamento General de Cooperativas, Estatuto del Instituto Nacional de Financiamiento Cooperativo D.S. N° 011, Estatuto Modelo de una Cooperativa de Consumo /
260 _aLima :
_bThesis ;
_c1965.
300 _a155 páginas ;
_c28cm
505 _aContenido: Ley de cooperativas
650 _aCooperativas
_94787
650 _aPerú
_935
942 _2ddc
_cLIBROS
945 _anom
_d2019-04-15